Liedtext DuckTales - Neues aus Entenhausen - Statistiken

Allgemein
  • Dieses Quiz wurde 127 mal gespielt
  • Das Durchschnittsergebnis liegt bei 55 aus 86
Antwortstatistiken
Antwort % Korrekt
Duck
96%
und
90%
und
90%
und
90%
Tick
87%
Track
87%
Trick
87%
DuckTales
85%
DuckTales
85%
DuckTales
85%
DuckTales
85%
DuckTales
85%
DuckTales
85%
DuckTales
85%
sind
84%
sind
84%
sind
84%
sind
84%
sind
84%
die
82%
die
82%
es
82%
es
82%
Es
82%
es
82%
Dagobert
80%
ist
80%
ist
80%
ist
80%
Sie
78%
sie
78%
sie
78%
sie
78%
Entenhausen
77%
hier
73%
hier
73%
woo-oo
69%
woo-oo
69%
woo-oo
69%
woo-oo
69%
woo-oo
69%
geheimnisvoll
68%
der
67%
der
67%
ab
64%
alle
64%
supertoll
63%
Hurricane
62%
Wer
61%
geht
60%
bei
59%
Doch
58%
Goofy
56%
V-V-V-Vorsicht
56%
mag
55%
mag
55%
dir
54%
gibt
54%
Keinen
54%
keinen
54%
nicht
54%
nicht
54%
für
53%
Pluto
52%
End
51%
Happy
50%
zum
50%
verhilft
47%
auf
46%
Neue
46%
Tag
42%
Tag
42%
Turbulent
42%
wie'n
42%
gibt's
40%
in
38%
Spaß
31%
Stories
31%
wunderbar
29%
Action
27%
Aufruhr
27%
wahr
24%
Alles
23%
Schlag
23%
Schlag
23%
ganz
22%
Keine übereinstimmenden Quizze gefunden
Verteilung der Resultate
Anzahl Personen mit jedem Resultat
Perzentil nach korrekt beantworteten Fragen
Ihre Resultats-Entwicklung
Sie haben dieses Quiz noch nicht gespielt